[Event "BankAm-LeoBurn"]
[Site "?"]
[Date "1999.??.??"]
[Round "?"]
[White "Zoellner, J"]
[Black "Sawin, B"]
[Result "1-0"]
[WhiteElo "1443"]
[BlackElo "1208"]
[PlyCount "79"]
[EventDate "1999.??.??"]

1. e4 e5 2. Nf3 Nc6 3. Bc4 Nf6 4. d3 d6 5. h3 h6 6. c3 Be7 7. Bb3 7... Be6 { }
8. Bc2 d5 9. exd5 Qxd5 10. O-O O-O 11. Re1 Rfd8 12. Nbd2 { } 12... b5 13. a3
Bc5 14. b4 Bb6 15. Nf1 a6 16. Ne3 Qd6 17. Bb2 { } 17... Nd5 18. d4 Nxe3 19.
fxe3 Bd5 20. e4 20... Bc4 { } 21. a4 {
Bl has excellent piece placement and pressure against Pawn at d4.} 21... Qf6 {
adding pressure to Qd1 from Rook at d8.} 22. a5 Ba7 23. Kh1 23... exd4 { } 24.
e5 (24. cxd4 24... Nxb4 {with c5 coming, Black will break up center} 25. Bb1 (
25. Bb3 $2 25... Nd3) 25... c5 { } 26. e5 (26. d5 $2 26... Qxb2) 26... Qc6)
24... Qf4 {an unsafe square!} (24... Nxe5 $1 25. Nxe5 25... dxc3 {
Discovering Rd8 attack on Q and attacking Bb2!}) 25. Re4 Qf5 (25... dxc3 26.
Qxd8+ Rxd8 27. Rxf4 27... cxb2 {might still be OK for Black}) (25... Qg3 26.
Qg1 { Rg4 trapping Queen} 26... dxc3 $1) 26. cxd4 { } 26... Nxd4 (26... Nxb4)
27. Bb1 (27. Rxd4 Rxd4 28. Bxd4 {White has won a piece}) 27... c5 (27... Nb3 {
wins an exchange} 28. Rd4 {attacking Queen} 28... Rxd4 $1 {
attacking Queen in return}) 28. Rg4 (28. Rxd4 Rxd4 29. Bxd4 {
still works as at previous move}) 28... Bd3 $2 { } 29. bxc5 (29. Bxd3 {
wins the piece} 29... Nxf3 $2 30. Bxf5 Rxd1+ 31. Rxd1 {White has won a Rook})
29... Bxc5 30. e6 30... Qxe6 { } 31. Rxg7+ $6 31... Kf8 (31... Kxg7 32. Qxd3
32... Kf8 { Black's King is can be defended} 33. Ba2 (33. Qh7 Nxf3 34. Bg7+ Ke7
)) 32. Qc1 Bd6 33. Qc3 Bxb1 34. Qxd4 { } 34... Ke8 35. Rxb1 Qc4 36. Rg8+ 36...
Kd7 $2 { missing a tactic} 37. Ne5+ {Bishop at d6 is pinned!} 37... Ke6 38.
Nxc4 Bc7 39. Rxd8 Rxd8 40. Re1+ 1-0

[Event "Kemper-Northrup"]
[Site "?"]
[Date "2000.01.13"]
[Round "?"]
[White "Easton, R"]
[Black "Walker, A"]
[Result "0-1"]
[WhiteElo "1744"]
[BlackElo "1742"]
[PlyCount "106"]
[EventDate "2000.??.??"]

1. d4 Nf6 2. c4 g6 3. Nc3 d5 4. Bf4 Bg7 5. e3 O-O 6. cxd5 Nh5 7. Be5 f6 8. Bg3
a6 9. Bc4 Kh8 10. Nge2 b5 11. Bb3 Nd7 12. Nf4 Nxf4 13. Bxf4 Bb7 14. O-O Nb6 15.
Rc1 Rc8 16. e4 g5 17. Bg3 f5 18. Be5 b4 19. Bxg7+ Kxg7 20. Ne2 fxe4 21. Ng3
Bxd5 22. Qg4 h6 23. Nf5+ Kh7 24. Bxd5 Nxd5 25. Rc6 Nf6 26. Qh3 h5 27. Rxf6 Rxf6
28. Qxh5+ Kg8 29. Qxg5+ Kf8 30. Qg7+ Ke8 31. Qg8+ Kd7 32. Qd5+ Ke8 33. Qg8+ Kd7
34. Qxd8+ Rxd8 35. Ne3 Kc6 36. Rc1+ Kb6 37. d5 c6 38. Rxc6+ Rxc6 39. dxc6 Kxc6
40. h4 Rd2 41. Nc4 Rc2 42. b3 Rxa2 43. h5 Ra1+ 44. Kh2 Rf1 45. Kg3 Rh1 46. Kg4
Rh2 47. Ne3 a5 48. Kg5 a4 49. bxa4 b3 50. Nc4 Rxg2+ 51. Kh6 Kc5 52. Nd2 b2 53.
a5 e3 0-1

[Event "Kemper-Northrup"]
[Site "?"]
[Date "2000.01.13"]
[Round "?"]
[White "Olsen, A"]
[Black "Chorosinski, L"]
[Result "1-0"]
[WhiteElo "1550"]
[BlackElo "1268"]
[PlyCount "118"]
[EventDate "2000.??.??"]

1. e4 c5 2. b3 Nc6 3. Nf3 e5 4. Nc3 Be7 5. Bb2 g5 6. Nd5 g4 7. Nxe5 Nxe5 8.
Bxe5 Bf6 9. Nc7+ Kf8 10. Bxf6 Nxf6 11. Nxa8 d6 12. f3 h5 13. Bc4 Be6 14. Bxe6
fxe6 15. Rf1 Ke7 16. fxg4 Nxg4 17. Qf3 Ne5 18. Qf6+ Kd7 19. Qxd8+ Rxd8 20. Nb6+
axb6 21. O-O-O Rg8 22. g3 Ng4 23. Rf7+ Kc6 24. Rh7 Rg5 25. h4 Re5 26. d3 d5 27.
exd5+ exd5 28. Kd2 b5 29. Re1 Rxe1 30. Kxe1 Ne3 31. Rxh5 Nxc2+ 32. Kd2 Nd4 33.
Rh6+ Kd7 34. g4 c4 35. bxc4 bxc4 36. dxc4 dxc4 37. Kc3 Nb5+ 38. Kxc4 Na3+ 39.
Kd5 b5 40. Rh7+ Kd8 41. Kc5 Ke8 42. g5 Kf8 43. g6 Kg8 44. Ra7 Nc4 45. Kxb5 Nd6+
46. Kc6 Nf5 47. h5 Nh6 48. Kd5 Nf5 49. Ke6 Ng7+ 50. Rxg7+ Kxg7 51. Kf5 Kh6 52.
Kg4 Kg7 53. Kg5 Kg8 54. h6 Kh8 55. Kf6 Kg8 56. h7+ Kh8 57. g7+ Kxh7 58. Kf7 Kh6
59. g8=Q Kh5 1-0

[Event "Northrup-Kemper"]
[Site "?"]
[Date "2000.01.13"]
[Round "?"]
[White "Elek, G"]
[Black "Cummuta, P"]
[Result "0-1"]
[WhiteElo "1088"]
[BlackElo "1497"]
[PlyCount "78"]
[EventDate "2000.??.??"]

1. e4 c5 2. Nf3 Nc6 3. Bc4 e6 4. c3 Na5 5. Be2 a6 6. d4 cxd4 7. cxd4 Nf6 8. e5
Nd5 9. O-O b5 10. Nc3 Nxc3 11. bxc3 Bb7 12. Bg5 Be7 13. Bxe7 Qxe7 14. Qd2 Rc8
15. Rac1 Bd5 16. Rc2 Be4 17. Rcc1 Nc4 18. Qf4 Bg6 19. Nh4 O-O 20. Nxg6 fxg6 21.
Qg3 Rf5 22. Rc2 Rcf8 23. Bd3 Rg5 24. Qh3 Nb6 25. g3 Nd5 26. Qg2 Nf4 27. Qe4 Rg4
28. Qe3 Qh4 29. f3 Rg5 30. Kh1 Rxg3 31. Rff2 Nd5 32. Qe4 Rf4 33. Qe2 Qh5 34.
Bxb5 axb5 35. Qxb5 Ne3 36. Rce2 Rg2 37. Rxg2 Qxf3 38. Rxe3 Qxe3 39. Qb2 Rf1+
0-1

[Event "Aces-Reader"]
[Site "?"]
[Date "2000.01.13"]
[Round "?"]
[White "Czerniecki, K"]
[Black "Sullivan, C"]
[Result "1-0"]
[WhiteElo "1977"]
[BlackElo "1508"]
[PlyCount "71"]
[EventDate "2000.??.??"]

1. Nf3 d5 2. c4 d4 3. d3 Nc6 4. g3 e5 5. Bg2 Nf6 6. Nbd2 Bb4 7. O-O Bd7 8. Ng5
Qe7 9. a3 Bd6 10. b4 b6 11. b5 h6 12. Nge4 Nxe4 13. Nxe4 Rd8 14. bxc6 Be6 15.
Nxd6+ Qxd6 16. a4 a5 17. Ba3 f5 18. Bxd6 Rxd6 19. Rc1 Bf7 20. c5 bxc5 21. Rxc5
O-O 22. Rxe5 f4 23. Re7 Bh5 24. Rxc7 Rdf6 25. Qb3+ Kh8 26. Qb7 Rg6 27. Rc8 Rgf6
28. Rxf8+ Rxf8 29. c7 Bg4 30. Rc1 Bc8 31. Qd5 fxg3 32. hxg3 Rg8 33. Qd8 Be6 34.
Bd5 Bxd5 35. Qxd5 Kh7 36. Qxg8+ 1-0

[Event "Aces-Reader"]
[Site "?"]
[Date "2000.01.13"]
[Round "?"]
[White "Frank, M"]
[Black "Carter, L"]
[Result "1-0"]
[WhiteElo "1829"]
[BlackElo "1463"]
[PlyCount "107"]
[EventDate "2000.??.??"]

1. e4 c5 2. Nf3 Nc6 3. Bc4 Nf6 4. d3 e6 5. O-O Be7 6. Re1 Ng4 7. h3 Nge5 8. Bf4
Bf6 9. c3 Nxc4 10. dxc4 e5 11. Be3 d6 12. Nbd2 Be6 13. Qe2 O-O 14. Nb3 b6 15.
Rad1 Be7 16. Nc1 f5 17. exf5 Rxf5 18. g4 Rf6 19. Bg5 Rg6 20. Bxe7 Qxe7 21. Qe4
Qd7 22. Nxe5 Nxe5 23. Qxa8+ Qc8 24. Qxc8+ Bxc8 25. Rxe5 dxe5 26. Rd8+ Kf7 27.
Rxc8 Rd6 28. Nb3 a5 29. a4 Kf6 30. Kg2 Kg5 31. Rf8 g6 32. Kg3 e4 33. h4+ Kh6
34. Rf7 Rd3+ 35. f3 g5 36. Rf6+ Kg7 37. hxg5 e3 38. Re6 Kf7 39. Re5 Kg6 40. Kf4
h6 41. Rxe3 Rxe3 42. Kxe3 Kxg5 43. Nd2 Kf6 44. Kf4 Kg6 45. Ne4 h5 46. gxh5+
Kxh5 47. Kf5 Kh6 48. Kf6 Kh7 49. Kf7 Kh8 50. f4 Kh7 51. f5 Kh8 52. f6 Kh7 53.
Ke7 Kg8 54. f7+ 1-0

[Event "Reader-Aces"]
[Site "?"]
[Date "2000.01.13"]
[Round "?"]
[White "Marsh, M"]
[Black "Franek, M"]
[Result "0-1"]
[WhiteElo "1125"]
[BlackElo "1796"]
[PlyCount "102"]
[EventDate "2000.??.??"]

1. e4 c5 2. Nf3 d6 3. d4 cxd4 4. Nxd4 Nf6 5. Nc3 a6 6. Be3 g6 7. Qd2 Bg7 8. Bh6
O-O 9. Bxg7 Kxg7 10. f3 b5 11. Bd3 Qb6 12. Nde2 Nbd7 13. Nf4 Bb7 14. h4 h5 15.
Nfd5 Bxd5 16. Nxd5 Nxd5 17. exd5 Ne5 18. O-O-O Rac8 19. Qe2 Rc7 20. g4 hxg4 21.
fxg4 Rfc8 22. Rd2 Qa5 23. c3 Qxa2 24. h5 Nxd3+ 25. Qxd3 Qa1+ 26. Qb1 Qxb1+ 27.
Kxb1 Rc4 28. h6+ Kh7 29. g5 Rg4 30. Rf2 Rf8 31. Re2 Rxg5 32. Rxe7 Rxd5 33. Ra7
Rh5 34. Rxh5 gxh5 35. Rxa6 f5 36. Rxd6 f4 37. Rd5 f3 38. Rxh5 f2 39. Rh1 Re8
40. Kc2 Re1 41. Rxe1 fxe1=Q 42. Kb3 Kxh6 43. Kb4 Qe2 44. b3 Kg6 45. c4 bxc4 46.
bxc4 Qe7+ 47. c5 Qc7 48. Kc4 Kf6 49. Kd5 Ke7 50. Kc4 Ke6 51. Kb5 Kd5 0-1

[Event "Kings-Exemplars"]
[Site "?"]
[Date "2000.01.20"]
[Round "?"]
[White "Melnikov, I"]
[Black "Benesa, A"]
[Result "0-1"]
[WhiteElo "2004"]
[BlackElo "2318"]
[PlyCount "68"]
[EventDate "2000.??.??"]

1. d4 Nf6 2. Nf3 g6 3. g3 Bg7 4. Bg2 O-O 5. O-O d5 6. c4 c6 7. Ne5 Bf5 8. Nc3
dxc4 9. e4 Be6 10. d5 cxd5 11. exd5 Nxd5 12. Nxf7 Bxf7 13. Nxd5 Nc6 14. Nc3 Qc7
15. Nb5 Qb6 16. a4 Rad8 17. Qe2 Qc5 18. Be3 Qb4 19. Nxa7 Nxa7 20. Bxa7 Bxb2 21.
Bc5 Qb3 22. Rab1 c3 23. Qb5 Qxb5 24. axb5 Rd2 25. Be4 Rc8 26. Be3 Bc4 27. Rfd1
Rdd8 28. Rxd8+ Rxd8 29. b6 Kf7 30. Bc2 e5 31. Bc1 Ba2 32. Bxb2 Bxb1 33. Bb3+
Kf6 34. Bxc3 Rd3 0-1

[Event "Exemplars-Kings"]
[Site "?"]
[Date "2000.01.20"]
[Round "?"]
[White "Inumerable, F"]
[Black "Wallach, C"]
[Result "1-0"]
[WhiteElo "2289"]
[BlackElo "1987"]
[PlyCount "47"]
[EventDate "2000.??.??"]

1. d4 Nf6 2. Nf3 g6 3. c4 Bg7 4. Nc3 O-O 5. e4 d6 6. Be2 e5 7. O-O Nc6 8. Be3
Bg4 9. d5 Ne7 10. c5 Ne8 11. b4 f5 12. Ng5 Bxe2 13. Qxe2 Qd7 14. Ne6 Rf7 15. f3
c6 16. Ng5 Rf8 17. Rad1 cxd5 18. exd5 a6 19. Qc4 Rc8 20. Qb3 Kh8 21. Na4 Bf6
22. Nb6 Qb5 23. a4 Qe2 24. Rfe1 1-0

[Event "Kings-Exemplars"]
[Site "?"]
[Date "2000.01.20"]
[Round "?"]
[White "Piparia, J"]
[Black "Gazmen, B"]
[Result "1/2-1/2"]
[WhiteElo "1839"]
[BlackElo "2104"]
[PlyCount "117"]
[EventDate "2000.??.??"]

1. e4 g6 2. d4 c6 3. Nf3 d6 4. Bd3 Bg7 5. O-O Bg4 6. Be3 Qb6 7. Nbd2 Nd7 8. Nc4
Qc7 9. h3 Bxf3 10. Qxf3 Ngf6 11. c3 O-O 12. Bf4 e5 13. dxe5 dxe5 14. Bg5 h6 15.
Bh4 Rfe8 16. Rad1 b5 17. Ne3 Nh5 18. Bc2 a5 19. b4 Nf8 20. bxa5 Ne6 21. Bb3 Nc5
22. Rd2 Nf4 23. Rfd1 Qxa5 24. Nc2 Nxb3 25. axb3 g5 26. Bg3 Rad8 27. b4 Qc7 28.
Ne3 Rxd2 29. Rxd2 Ng6 30. Ng4 Rd8 31. Qd1 Rxd2 32. Qxd2 Qe7 33. Ne3 Bf8 34. Nf5
Qc7 35. h4 gxh4 36. Nxh4 Nxh4 37. Bxh4 c5 38. Qe2 Qd7 39. bxc5 Bxc5 40. Qf3 Qe6
41. Bf6 Kh7 42. g4 Kg6 43. Bh4 Bb6 44. Kg2 Ba5 45. Kh3 f6 46. Qd3 h5 47. f3
hxg4+ 48. fxg4 Qb3 49. Qd7 Qxc3+ 50. Bg3 Qc4 51. Qe8+ Kg7 52. Qd7+ Kf8 53. Qd6+
Kg7 54. Qd7+ Kh6 55. g5+ fxg5 56. Qd6+ Kh5 57. Qd1+ Kg6 58. Qd6+ Kf7 59. Qd7+
1/2-1/2

[Event "Exemplars-Kings"]
[Site "?"]
[Date "2000.01.20"]
[Round "?"]
[White "Sollano, E"]
[Black "Goncharoff, N"]
[Result "1/2-1/2"]
[WhiteElo "1965"]
[BlackElo "1705"]
[PlyCount "88"]
[EventDate "2000.??.??"]

1. Nf3 Nf6 2. g3 d6 3. Bg2 e5 4. d3 h6 5. Nbd2 Be7 6. c3 O-O 7. O-O Nc6 8. a4
a6 9. Nc4 Be6 10. b3 Bxc4 11. bxc4 Rb8 12. Nh4 Na5 13. Nf5 Kh7 14. Rb1 Ng8 15.
d4 Bg5 16. Qd3 g6 17. Ne3 exd4 18. cxd4 b6 19. Bd2 Nb7 20. f4 Bf6 21. Nd5 Bg7
22. f5 Na5 23. fxg6+ fxg6 24. Rxf8 Bxf8 25. Rf1 Qd7 26. Be4 Qg7 27. h4 c6 28.
Nf4 Nxc4 29. Bc1 Ne7 30. Nh5 Ne5 31. dxe5 Qxe5 32. Bf4 Qxh5 33. Bxd6 Rd8 34.
Rf7+ Kg8 35. Qb3 Nd5 36. Rxf8+ Rxf8 37. Bxf8 Kxf8 38. Bxd5 Qxd5 39. Qxb6 Qd1+
40. Kf2 Qxa4 41. Qd8+ Kg7 42. Qe7+ Kg8 43. Qf6 Qe4 44. Qd8+ Kg7 1/2-1/2

[Event "Kings-Exemplars"]
[Site "?"]
[Date "2000.01.20"]
[Round "?"]
[White "Balicki, J"]
[Black "Friske, T"]
[Result "0-1"]
[WhiteElo "1613"]
[BlackElo "2004"]
[PlyCount "76"]
[EventDate "2000.??.??"]

1. d4 Nf6 2. e3 d5 3. Bd3 Bg4 4. Nf3 c5 5. c3 Nc6 6. Nbd2 { } 6... cxd4 (6...
e6) 7. exd4 e6 8. Qa4 {
trying to take advantage of the Bishop trapped away from Queenside} 8... Nd7 9.
Ne5 Ndxe5 10. dxe5 { if Black can break pin, Pawn at e5 will come under attack}
10... Bh5 11. Nb3 Be7 12. Nd4 12... Qc7 { } 13. O-O {running from Qxe5+} (13.
Bb5 Qxe5+ (13... O-O {probably same as Qxe5+ immediately}) (13... Rc8 $5 {
Qxe5+ is simpler} 14. Qxa7 $5 14... Qxe5+ 15. Be3 15... O-O { } 16. Qxb7 (16.
Nxc6 bxc6 17. Ba6 Rc7 18. Qb6) 16... Nxd4 (16... Na5 $2 17. Qxe7) 17. cxd4 Bb4+
18. Kf1 18... Qf6 {
Whites lacks coordination, but the Queenside passers are interesting}) 14. Be3
O-O 15. Nxc6 bxc6 16. Bxc6 16... Rab8 {looks OK for Black}) 13... O-O 14. Nxc6
14... bxc6 { reaching the position mentioned at move 10} 15. Bf4 (15. Qf4 15...
f6 $5 16. Qh4 (16. exf6 Qxf4 17. Bxf4 Bxf6 18. Rae1) 16... Bg6 17. Bxg6 17...
hxg6 { and Kf7, Rh8 is interesting}) 15... c5 16. Qc2 { } 16... c4 $5 17. Bxh7+
$5 (17. Be2 17... Bg6 {and play on Queenside wasn't appealing to White.}) 17...
Kh8 18. Be4 (18. Qb1 g6 19. Bxg6 19... Bxg6 {
White has a more open Kingside than game}) 18... dxe4 19. Qxe4 Rad8 20. Be3 Bg6
21. Qf4 { Black's Bishops cover the key squares now, but White plans Bd4,
Re1-e3-h3. Black wants to trades Queens, but his is tied to defending Pc4.}
21... Bd3 {defends c4, but gives White a tempo for his plan} 22. Rfe1 Rd5 23.
Bd4 { } 23... Qd8 $1 {just in time to get Be7 to Bh6!} 24. Re3 Bg5 25. Rh3+ Kg8
26. Qf3 { heading for h5} (26. Qg3 {threat f4, with idea if Bh6?, Rxh6 wins it}
26... Bg6 {blocking Queen pin of Pawn g7} (26... Rxd4 $2 27. cxd4 Qxd4 28. Qxg5
) 27. f4 27... Bh6 { White certainly has some pressure}) 26... Rxd4 {Putting co
mplete faith in the advantage of Bishop-pair vs Rook and piece activity. The
resulting ending wasn't so clear!} (26... Bf5 27. g4 {
blocks his Queen's advances} 27... Bg6 28. Qg3 {idea f4}) 27. cxd4 Qxd4 28. Rd1
{ Black intended to clean up loose Pawns here.} 28... Qe4 $2 {
keeping Queen closer to the action} (28... Qxe5 $4 29. Qh5 {forces} 29... Bh6
30. Qxe5) (28... Qxb2 29. Rxd3 $2 {a small trap} (29. Qh5 Bh6 30. g4 30... Qe2
{transposes to analysis at move 30, with Black ridding threat of Queenside
passer.}) 29... cxd3 30. Qxd3 Qa1+ (30... Qxe5 $4 31. Qh7#) 31. Qf1 31... Qxa2
{Black wins easily}) 29. Qh5 Bh6 30. g4 { } 30... Be2 (30... Qe2 31. Rc1 (31.
g5 $2 31... Qxh5 32. Rxh5 { seems to win Bishop, but} 32... Be2 {
turns the tables!}) (31. Rdxd3 $2 31... cxd3 32. g5 Qxh5 33. Rxh5 33... d2 {
is hopeless for White}) 31... Qd2 {forces Queens off after Qg5} 32. Rc3 Qg5 33.
Qxg5 Bxg5 34. Ra3 (34. b3 $2 {trying to undermine Bd3} 34... Bd2) 34... Ra8 (
34... Rb8 $4 35. Rxa7 Rxb2 36. Ra8+) 35. b3 { } 35... Bc1 36. Ra4) (30... Qg6
31. Qh4 Qg5 (31... Be2 32. Rd4) (31... f5 $5 32. exf6 Qxf6)) 31. Re1 Qxg4+ 32.
Qxg4 Bxg4 33. Rh4 {
missed this at move 30, White wins a Pawn and activates Rook} 33... Bf5 34.
Rxc4 { Judging potiential passer too slow to be scary} 34... Rd8 (34... Rb8 35.
b3 (35. b4 $2 35... Bd2)) 35. f4 {to block Bishop at h6, but ties a piece to
its protection and opens 2nd rank for probing Rook} (35. Re2 $2 {
to protect 2nd rank} 35... Rd1+ $1 (35... Bd3 $2 36. Rd2 Bxc4 37. Rxd8+ Kh7)
36. Kg2 Bd3 37. Rc8+ 37... Kh7 { White's Rook is trapped}) (35. b4 35... Rd2 {
placing Rook behind coming passer} (35... Bd2 $2 36. Ra1 Bd3 37. Rc7 37... a6 {
} 38. a3 (38. Rd1 Bxb4 39. Rc6 Rd5)) 36. Ra1 (36. a4 36... Rb2 { threat: Bd2}
37. b5 (37. f4 g5) 37... Ra2 {idea Bd2 harassing White Rooks}) 36... Rb2 37.
Rc8+ (37. Rc7 a6 38. Rc6 Bd3 39. a3) 37... Kh7 38. Rc7 a6 39. Rxf7 (39. a3 Kg6)
39... Rxb4) 35... Rd2 36. Ra4 Rxb2 37. Rxa7 Bxf4 38. Rd1 $4 38... Be3+ {
For the greedy: idea Bxa7.  For those who mate: Kh1 Be4# or Kf1 Bh3+ followed
by Bf2#} 0-1

[Event "Exemplars-Motorola"]
[Site "?"]
[Date "2000.01.20"]
[Round "?"]
[White "Wilson, M"]
[Black "Gryparis, J"]
[Result "0-1"]
[WhiteElo "1226"]
[BlackElo "1434"]
[PlyCount "88"]
[EventDate "2000.??.??"]

1. b3 e5 2. Bb2 d6 3. g3 Nf6 4. Bg2 Be7 5. h3 c6 6. e3 Nbd7 7. Ne2 d5 8. a3 Bd6
9. d3 b6 10. Nd2 Bb7 11. Qc1 Rb8 12. Qd1 Qe7 13. Qb1 Ba6 14. Qa2 Bb7 15. Qb1
Ba6 16. Qd1 Qd8 17. Qb1 Rc8 18. c4 Nc5 19. Qc2 O-O 20. d4 Ncd7 21. Rc1 e4 22.
b4 Bc7 23. Nc3 Bb7 24. Ncxe4 dxe4 25. Nxe4 h6 26. Nxf6+ Nxf6 27. c5 Re8 28. O-O
b5 29. Rfd1 Qe7 30. Re1 Ne4 31. Bxe4 Qxe4 32. Qxe4 Rxe4 33. Kg2 Rce8 34. Rc3
Bc8 35. f3 Rxd4 36. Rc2 Rd3 37. e4 Re6 38. f4 f6 39. f5 Rxg3+ 40. Kf1 Re7 41.
h4 Rh3 42. Ke2 Rxh4 43. Kd1 Rhxe4 44. Rxe4 Rxe4 0-1

[Event "Exemplars-Kemper"]
[Site "?"]
[Date "2000.02.01"]
[Round "?"]
[White "Benesa, A"]
[Black "Siwek, M"]
[Result "1/2-1/2"]
[WhiteElo "2318"]
[BlackElo "2013"]
[PlyCount "128"]
[EventDate "2000.??.??"]

1. Nf3 Nf6 2. g3 g6 3. Bg2 Bg7 4. O-O O-O 5. c4 c5 6. d4 cxd4 7. Nxd4 Nc6 8.
Nc3 Nxd4 9. Qxd4 d6 10. Qd3 Rb8 11. h3 Bd7 12. e4 Bc6 13. Be3 b6 14. Qd2 Re8
15. Rfd1 Qc7 16. Rac1 Qb7 17. Qd3 Nd7 18. Bd4 Ne5 19. Qe2 Rbc8 20. f4 Nd7 21.
Bxg7 Kxg7 22. Rc2 Red8 23. b3 Qc7 24. Rcd2 Nb8 25. h4 h5 26. Kh2 Re8 27. Bh3
Rcd8 28. Qf2 Nd7 29. Re1 Nf6 30. Qe2 Bd7 31. f5 e6 32. fxg6 fxg6 33. Qd3 Bc6
34. Rf1 d5 35. exd5 exd5 36. cxd5 Bxd5 37. Nxd5 Rxd5 38. Rc2 Qd6 39. Qf3 Rf8
40. Qc3 Rc5 41. Qb2 Rxc2+ 42. Qxc2 Ng4+ 43. Kh1 Rxf1+ 44. Bxf1 Qxg3 45. Qg2
Qxh4+ 46. Kg1 Qe7 47. Qb2+ Kh7 48. Qc2 Ne3 49. Qd3 Nxf1 50. Kxf1 Qf6+ 51. Kg2
Qg5+ 52. Kh2 Qe7 53. a4 h4 54. Qc4 Qe5+ 55. Kh1 Qe1+ 56. Kg2 Qg3+ 57. Kf1 h3
58. Qf7+ Kh6 59. Qf8+ Kg5 60. Qe7+ Kf5 61. Qf7+ Kg5 62. Qe7+ Kg4 63. Qd7+ Kh4
64. Qh7+ Kg5 1/2-1/2

[Event "Kemper-Exemplars"]
[Site "?"]
[Date "2000.02.01"]
[Round "?"]
[White "Easton, R"]
[Black "Gazmen, B"]
[Result "0-1"]
[WhiteElo "1744"]
[BlackElo "2104"]
[PlyCount "112"]
[EventDate "2000.??.??"]

1. d4 g6 2. c4 Bg7 3. Nc3 c5 4. d5 Bxc3+ 5. bxc3 f5 6. Bg5 Qa5 7. Qb3 d6 8. f3
Nd7 9. e4 Nb6 10. Qb5+ Qxb5 11. cxb5 Nf6 12. exf5 Bxf5 13. g4 Bc2 14. Rc1 Ba4
15. c4 a6 16. Nh3 axb5 17. cxb5 Nfxd5 18. Kf2 O-O 19. Bh6 Rfc8 20. Nf4 Nxf4 21.
Bxf4 Rf8 22. Bg5 Rf7 23. Rb1 Bc2 24. Re1 e5 25. Kg3 Rxa2 26. Bd8 Nc8 27. Bc4
Ra3 28. Bxf7+ Kxf7 29. Ra1 Rb3 30. Ra8 Ne7 31. b6 Be4 32. Rf1 Nc6 33. Kg2 Bd5
34. Bc7 Nd4 35. Bxd6 Ke6 36. Bxc5 Nxf3 37. Rxf3 Bxf3+ 38. Kg3 Bc6+ 39. Kh4 Kf6
40. Rf8+ Kg7 41. Rf2 h6 42. Bf8+ Kh7 43. Rf7+ Kg8 44. Rf2 g5+ 45. Kh5 Rh3+ 46.
Kg6 Be8+ 47. Kf6 Kxf8 48. Kxe5+ Ke7 49. Re2 Bf7 50. Rc2 Re3+ 51. Kd4 Re4+ 52.
Kd3 Kd6 53. Rc7 Re7 54. Rc8 Bd5 55. Rh8 Re6 56. Rd8+ Kc5 0-1

[Event "Exemplars-Kemper"]
[Site "?"]
[Date "2000.02.01"]
[Round "?"]
[White "Inumerable, F"]
[Black "Olsen, A"]
[Result "1-0"]
[WhiteElo "2289"]
[BlackElo "1550"]
[PlyCount "75"]
[EventDate "2000.??.??"]

1. d4 Nf6 2. Nf3 g6 3. g3 Bg7 4. Bg2 c6 5. O-O d5 6. b3 Bf5 7. Nbd2 Qc8 8. Re1
Na6 9. Ba3 Nc7 10. c4 Ne4 11. Rc1 b6 12. Nh4 Bxd4 13. Nxe4 Bg7 14. Nxf5 Qxf5
15. cxd5 Rd8 16. Rxc6 Nxd5 17. Nd6+ exd6 18. e4 Qd7 19. exd5+ Kf8 20. Rxd6 Qxd6
21. Bxd6+ Rxd6 22. Qe2 Kg8 23. Qe8+ Bf8 24. Re7 Rf6 25. d6 Kg7 26. d7 Bxe7 27.
Qxe7 Re6 28. d8=Q Rxd8 29. Qxd8 Re1+ 30. Bf1 b5 31. Qd4+ Kg8 32. Kg2 a6 33. a4
Rb1 34. axb5 axb5 35. Bxb5 Rxb3 36. Qd5 Ra3 37. Bc4 Ra7 38. Qd8+ 1-0

[Event "Exemplars-Kemper"]
[Site "?"]
[Date "2000.02.01"]
[Round "?"]
[White "Sollano, E"]
[Black "McKinney, T"]
[Result "1-0"]
[WhiteElo "1965"]
[BlackElo "1276"]
[PlyCount "73"]
[EventDate "2000.??.??"]

1. Nf3 e6 2. g3 Nf6 3. d3 Bb4+ 4. c3 Bd6 5. Bg2 O-O 6. O-O Nc6 7. e4 h6 8. Nbd2
e5 9. a4 a5 10. Nc4 Bc5 11. Ncxe5 Nxe5 12. Nxe5 d6 13. Nf3 Bg4 14. Qb3 Bb6 15.
h3 Be6 16. Qc2 Qd7 17. Kh2 h5 18. Bg5 Nh7 19. Bf4 g5 20. Bxg5 f6 21. Bh6 Rf7
22. d4 Bc4 23. Rfe1 Re8 24. b3 Ba6 25. Rad1 Rfe7 26. Nh4 Kf7 27. Nf5 Re6 28.
Ng7 Kg6 29. Nxe6 Kxh6 30. Qd2+ Ng5 31. Nxg5 fxg5 32. h4 Rg8 33. e5 Qf5 34. exd6
Rg6 35. Re5 Qf7 36. hxg5+ Kh7 37. Re7 1-0

[Event "Case-Pawns"]
[Site "?"]
[Date "2000.01.31"]
[Round "?"]
[White "White, H"]
[Black "Ellice, W"]
[Result "0-1"]
[WhiteElo "1672"]
[BlackElo "1902"]
[PlyCount "82"]
[EventDate "2000.??.??"]

1. d4 Nf6 2. c4 g6 3. Nc3 Bg7 4. Nf3 d6 5. e3 O-O 6. Be2 b6 7. O-O Bb7 8. Nd2
Nbd7 9. Bf3 c6 10. Re1 e5 11. Nde4 Qc7 12. d5 Nxe4 13. Bxe4 f5 14. dxc6 Bxc6
15. Bxc6 Qxc6 16. Qd5+ Qxd5 17. Nxd5 Nc5 18. Rd1 Kf7 19. Rb1 e4 20. b3 Nd3 21.
Ba3 Rad8 22. Nc7 Rd7 23. Nd5 Rfd8 24. f3 Ke6 25. fxe4 fxe4 26. Rf1 Be5 27. Rbd1
b5 28. Nb4 Nxb4 29. Bxb4 bxc4 30. bxc4 Rc8 31. Rc1 Rdc7 32. c5 dxc5 33. Bc3 Rb8
34. Rfe1 Bxc3 35. Rxc3 Rb2 36. a3 Rd2 37. Rec1 Rd3 38. Kf2 Rxc3 39. Rxc3 Kd5
40. g4 Rb7 41. Kg3 c4 0-1

[Event "Pawns-Case"]
[Site "?"]
[Date "2000.01.31"]
[Round "?"]
[White "Mikulecky, B"]
[Black "Klinefelter, H"]
[Result "0-1"]
[WhiteElo "1500"]
[BlackElo "1583"]
[PlyCount "72"]
[EventDate "2000.??.??"]

1. e4 e5 2. Nf3 Nc6 3. d4 exd4 4. Nxd4 Nf6 5. Nc3 Bb4 6. Nxc6 Bxc3+ 7. bxc3
bxc6 8. Qf3 Qe7 9. Bd3 d5 10. O-O dxe4 11. Bxe4 Nxe4 12. Re1 Be6 13. Qxe4 Qc5
14. Re3 O-O 15. a4 Qd5 16. Ba3 Rfe8 17. Rae1 Rad8 18. f4 h6 19. Rg3 Qxe4 20.
Rxe4 Rd1+ 21. Kf2 Rd2+ 22. Re2 Rxe2+ 23. Kxe2 Bb3+ 24. Kd2 Bxa4 25. c4 c5 26.
Bb2 g6 27. f5 g5 28. h4 Rd8+ 29. Kc1 Bd7 30. hxg5 Bxf5 31. gxh6+ Bg6 32. Rg5
Re8 33. h7+ Kxh7 34. Rxc5 Re2 35. Rxc7 Rxc2+ 36. Kb1 Rxc4+ 0-1

[Event "Pawns-Case"]
[Site "?"]
[Date "2000.01.31"]
[Round "?"]
[White "McKay, P"]
[Black "Reid, C"]
[Result "0-1"]
[WhiteElo "1393"]
[BlackElo "1421"]
[PlyCount "70"]
[EventDate "2000.??.??"]

1. e4 c5 2. Bc4 d6 3. Nf3 Nc6 4. d4 cxd4 5. Nxd4 Ne5 6. Bb3 Nf6 7. f3 g6 8. Nc3
Bg7 9. h4 O-O 10. g4 Nexg4 11. fxg4 Bxg4 12. Qd3 e6 13. Bg5 a6 14. Qg3 Bh5 15.
O-O h6 16. Be3 Qa5 17. Qg2 d5 18. Bd2 Qd8 19. exd5 Nxd5 20. Nde2 Nxc3 21. Bxc3
Qxh4 22. Qf2 Qd8 23. Bxg7 Kxg7 24. Nf4 Qa5 25. Qd2 Qe5 26. Kf2 Qf5 27. Kg2 Qg4+
28. Kh1 Qg5 29. Nxh5+ Qxh5+ 30. Kg2 Rad8 31. Qf4 e5 32. Qf6+ Kh7 33. Qe7 Rd2+
34. Rf2 Qg4+ 35. Kf1 Qh3+ 0-1